Avaliação do potencial das espécies de peixes mais cultivadas na piscicultura continental do estado de Santa Catarina (Registro n. 337774)
[ somente texto ]
| 000 -LÍDER | |
|---|---|
| fixed length control field | 04067nab a2200313 i 4500 |
| 003 - CÓDIGO MARC DA AGÊNCIA CATALOGADORA | |
| Campo de controle | BR-BrBNA |
| 005 - DATA E HORA DA ÚLTIMA ATUALIZAÇÃO | |
| Campo de controle | 20250825113723.0 |
| 008 - CAMPO DE TAMANHO FIXO | |
| fixed length control field | 250825b2023 bl.tr|pooa||| 00| 0 por | |
| 040 ## - FONTE DA CATALOGAÇÃO | |
| Agência catalogadora | BR-BrBNA |
| Idioma da catalogação | por |
| 072 ## - CATEGORIA AGRIS | |
| Código AGRIS | M12 |
| Código do objeto | 8134 |
| 100 ## - ENTRADA PRINCIPAL - NOME PESSOAL | |
| Nome pessoal | Vianna, Luiz Fernando de Novaes |
| 245 ## - TÍTULO PRINCIPAL | |
| Título principal | Avaliação do potencial das espécies de peixes mais cultivadas na piscicultura continental do estado de Santa Catarina |
| 500 ## - NOTA GERAL | |
| Nota geral | <br/><br/>Publicação online; 4 illus,; Summaries (En, Pt); Bibliography p. 42-43 |
| 942 ## - ADDED ENTRY ELEMENTS (KOHA) | |
| Koha item type | Analítica |
| 520 ## - NOTA DE RESUMO | |
| Nota de conteúdo | <br/><br/><br/>Resumo – piscicultura continental no Brasil vem crescendo como atividade produtora de proteína animal. O estado de Santa Catarina vem contribuindo para esse crescimento, com destaque para a tilápia nilótica com 77% da produção, as carpas e trutas representam juntas 17% da produção estadual. As espécies nativas ainda são pouco representativas (6%), mas pesquisas para avaliar o potencial produtivo de algumas, como o jundiá e o lambari, estão em andamento. O território de Santa Catarina apresenta características edafoclimáticas e fisiográficas distintas, responsáveis por uma heterogeneidade ambiental perceptível através das diversas paisagens e ecossistemas. Conhecer o potencial ambiental de cada paisagem e/ou ecossistema favorece o planejamento da piscicultura tanto na escolha da espécie mais bem adaptada a uma determinada região, quanto na escolha do melhor local de cultivo para uma determinada espécie. O objetivo desse trabalho foi avaliar o potencial para a piscicultura continental da tilápia nilótica, das carpas, da truta, do jundiá e do lambari. Por meio de técnicas de análise espacial em Sistemas de Informações Geográficas, demonstramos que o potencial em Santa Catarina varia de acordo com as espécies e as regiões, em função, principalmente, da variação das condições de temperatura e relevo. <br/><br/><br/>Termos para indexação: Aquicultura; Tilápia; Carpas; Truta; Lambari; Jundiá |
| 520 ## - NOTA DE RESUMO | |
| Nota de conteúdo | <br/><br/><br/>Abstract – The continental fish farming in Brazil has been growing in the last years and the state of Santa Catarina has been contributing significantly to this growth. The nilotic variety of tilapia (77%) and the carps and trout, that together represent 17% of the state production, are the main species. The native species are not very representative (6%), however researches to evaluate the productive potential of some, like the silver catfish and yellowtale tetra, are in progress. The Santa Catarina territory have distinct edaphoclimati c and physiographic characteristics, responsible for an environmental heterogeneity noticeable through the various landscapes and ecosystems. Knowing the environmental potential of each landscape and/or ecosystem favors the planning of fi sh farming, both in the choice of the species adapted to a particular region, and in the choice of the best place to grow a particular species. The objecti ve of this work was to evaluate the potential for continental fish farming of the species nilotic tilapia, carp, trout, silver catfish and yellowtale tetra. Through spatial analysis techniques in Geographic Information Systems, we demonstrated that the potential in Santa Catarina varies according to the species and regions, mainly because of the variati on in temperature and relief conditi ons. <br/><br/><br/><br/>Index terms: Aquaculture; Tilapia; Carps; Trout; Silver Catfish; Yellowtale tetra |
| 650 ## - ASSUNTO - THESAGRO | |
| Cabeçalho tópico ou nome geográfico | PISCICULTURA |
| 650 ## - ASSUNTO - THESAGRO | |
| Cabeçalho tópico ou nome geográfico | TILÁPIA |
| 650 ## - ASSUNTO - THESAGRO | |
| Cabeçalho tópico ou nome geográfico | BAGRE |
| 650 ## - ASSUNTO - THESAGRO | |
| Cabeçalho tópico ou nome geográfico | LAMBARI |
| 650 ## - ASSUNTO - THESAGRO | |
| Cabeçalho tópico ou nome geográfico | CARPA |
| 650 ## - ASSUNTO - THESAGRO | |
| Cabeçalho tópico ou nome geográfico | CONDIÇÃO AMBIENTAL |
| 650 ## - ASSUNTO - THESAGRO | |
| Cabeçalho tópico ou nome geográfico | TEMPERATURA |
| 650 ## - ASSUNTO - THESAGRO | |
| Cabeçalho tópico ou nome geográfico | RELEVO |
| 650 ## - ASSUNTO - THESAGRO | |
| Cabeçalho tópico ou nome geográfico | SANTA CATARINA |
| 773 0# - ENTRADA ANALÍTICA | |
| Host Biblionumber | 1813 |
| Registro do item | 317209 |
| Imprenta | Florianópolis-SC Empresa de Pesquisa Agropecuária e Extensão Rural de Santa Catarina 1988- |
| Outro identificador | 2024-3833 |
| Título | Agropecuária Catarinense (Brazil) |
| ISSN | 0103-0779 |
| Colação | v. 36(1) p. 37-43; (2023) |
| Número de controle de registro | BR2025002753 |
| 856 ## - ACESSO E ENDEREÇO ELETRÔNICO | |
| Identificador uniforme de recurso - URI | https://publicacoes.epagri.sc.gov.br/rac/article/view/1569/1472 |
Nenhum exemplar disponível.

BINAGRI